000
00259nam a22001217a 4500
008
260403b ||||| |||| 00| 0 eng d
041
_a
eng
080
_a
1.1
100
_a
20
101
_a
komp
245
_a
Interneti
_c
Edmond E. Beqiri
942
_2
udc
_c
BK
999
_c
60960
_d
60960